Residue reviews V.14: (Record no. 162879)

MARC details
000 -LEADER
fixed length control field 00666nam a22001817a 4500
003 - CONTROL NUMBER IDENTIFIER
control field OSt
082 ## - DEWEY DECIMAL CLASSIFICATION NUMBER
Classification number 577
Item number GUN/RE
245 ## - TITLE STATEMENT
Title Residue reviews V.14:
Remainder of title residues of pesticides and other foreign chemicals in food and feed
260 ## - PUBLICATION, DISTRIBUTION, ETC. (IMPRINT)
Place of publication, distribution, etc Berlin
Name of publisher, distributor, etc Springer - verlag
Date of publication, distribution, etc 1966
300 ## - PHYSICAL DESCRIPTION
Extent 131p.
546 ## - LANGUAGE
Language note English
650 ## - SUBJECT ADDED ENTRY--TOPICAL TERM
Topical term or geographic name as entry element Purification of solvents for pesticide residue analysis
650 ## - SUBJECT ADDED ENTRY--TOPICAL TERM
Topical term or geographic name as entry element Automated pesticide residue analysis and screening
650 ## - SUBJECT ADDED ENTRY--TOPICAL TERM
Topical term or geographic name as entry element Biochemical and metabolic changes in plants induced by chlorophenoxy herbicides
650 ## - SUBJECT ADDED ENTRY--TOPICAL TERM
Topical term or geographic name as entry element Review of the symposium on foreign materials in food
700 ## - ADDED ENTRY--PERSONAL NAME
Personal name Gunther, Francis A
942 ## - ADDED ENTRY ELEMENTS (KOHA)
Source of classification or shelving scheme Dewey Decimal Classification
Koha item type Reference Book
Holdings
Lost status Source of classification or shelving scheme Damaged status Not for loan Collection code Home library Current library Shelving location Date acquired Total Checkouts Full call number Barcode Date last seen Koha item type Public note
  Dewey Decimal Classification   Not For Loan Reference Book KAU Central Library, Thrissur KAU Central Library, Thrissur Reference 10/12/2018   577 GUN/RE 906545 10/12/2018 Reference Book Book transferred from CoH Library, Acc.No: 1053
Kerala Agricultural University Central Library
Thrissur-(Dt.), Kerala Pin:- 680656, India
Ph : (+91)(487) 2372219
E-mail: librarian@kau.in
Website: http://library.kau.in/